|
|
|
|
| LEADER |
00000cam a2200000 7i4500 |
| 001 |
0000017832 |
| 005 |
20080604.0 |
| 008 |
080530 |
| 020 |
|
|
|a 0446695505
|
| 090 |
0 |
0 |
|a 248.4
|b OST
|
| 100 |
1 |
|
|a Osteen , Joel
|
| 245 |
1 |
0 |
|a Your best life now :
|b 7 steps to living at your full potential
|c Joel Osteen
|
| 260 |
|
|
|a New York :
|b Warner books ,
|c 2004
|
| 650 |
|
0 |
|a Self-actualization (Psychology)
|x Religious aspects
|x Christianity
|
| 650 |
|
0 |
|a Self-realization
|x Religious aspects
|x Christianity
|
| 999 |
|
|
|a 0001017527
|b Book
|c Adult Collection
|e Perbadanan Perpustakaan Awam Johor
|
| 999 |
|
|
|a 0001017528
|b Book
|c Adult Collection
|e Perbadanan Perpustakaan Awam Johor
|